Arsenal FC Squad 2019-2020 - Statistics

General Stats
  • This quiz has been taken 79 times
  • The average score is 22 of 31
Answer Stats
# Position Nation Player % Correct
9 FW France Alexandre Lacazette
100%
14 FW Gabon Pierre-Emerick Aubameyang
100%
1 GK Germany Bernd Leno
97%
10 MF Germany Mesut Özil
93%
- Coach Spain Mikel Arteta
93%
19 FW Ivory Coast Nicolas Pépé
92%
34 MF Switzerland Granit Xhaka
90%
77 MF England Bukayo Saka
87%
3 DF Scotland Kieran Tierney
87%
2 DF Spain Héctor Bellerín
84%
35 FW Brazil Gabriel Martinelli
82%
5 DF Greece Sokratis Papastathopoulos
82%
26 GK Argentina Emiliano Martínez
80%
23 DF Brazil David Luiz
75%
16 DF England Rob Holding
75%
- Coach Spain Unai Emery
75%
20 DF Germany Shkodran Mustafi
74%
11 MF Uruguay Lucas Torreira
72%
31 DF Bosnia and Herzegovina Sead Kolašinac
69%
8 MF Spain Dani Ceballos
66%
17 DF Portugal Cédric Soares
62%
30 FW England Eddie Nketiah
59%
21 DF England Calum Chambers
57%
22 DF Spain Pablo Marí
57%
29 MF France Mattéo Guendouzi
56%
15 MF England Ainsley Maitland-Niles
51%
27 DF Greece Konstantinos Mavropanos
49%
- Coach Sweden Freddie Ljungberg
48%
24 FW England Reiss Nelson
38%
28 MF England Joe Willock
34%
33 GK England Matt Macey
11%
No matching quizzes found
Score Distribution
Percent of People with Each Score
Percentile by Number Answered
Your Score History
You have not taken this quiz